MARC

LEADER 00000nam0a2200000 4500
001 120203
005 20231101215606.0
010 |a 5741503985 
020 |a RU  |b 92-28048 
035 |a (RuTPU)RU\TPU\book\130150 
090 |a 120203 
100 |a 20070820d1992 de y0rusy5003 ca 
101 1 |a rus  |c eng  |c fre 
102 |a RU 
105 |a a z 000ay 
200 1 |a Красный корсар  |e роман  |e пер. с англ.  |f Дж. Ф. Купер  |g худож. Е. А. Соколова, Г. В. Соколов 
210 |a Ярославль  |c Верхне-Волжское книжное изд-во  |d 1992 
215 |a 720 с.  |c ил. 
423 |t Грабители морей  |o роман  |o пер. с фр.  |f Л. Жаколио  |c Ярославль  |d 1992  |a Жаколио, Луи 
606 1 |a Американская литература (англо-язычная литература)  |2 stltpush  |3 (RuTPU)RU\TPU\subj\28887  |9 52349 
610 1 |a художественная литература 
610 1 |a романы 
610 1 |a приключения 
610 1 |a приключенческие романы 
610 1 |a история 
610 1 |a пиратство 
610 1 |a пираты 
610 1 |a 18 век 
675 |a 82  |v 3 
700 1 |a Купер  |b Дж. Ф.  |c американский писатель  |f 1789-1851  |g Джеймс Фенимор  |2 stltpush  |3 (RuTPU)RU\TPU\pers\20084  |9 7981 
702 1 |a Соколова  |b Е. А.  |4 440 
702 1 |a Соколов  |b Г. В.  |4 440 
801 0 |a RU  |b RuMRKP  |c 19950417  |g psbo 
801 1 |a RU  |b 63413507  |c 20070820  |g PSBO 
801 2 |a RU  |b 63413507  |c 20221005  |g PSBO 
942 |c BK